Poľnohospodárske stavby

Podrobná bibliografia
Hlavní autori: Hála, Zbyněk (Autor), Souček, Karel F., 1913-1996 (Autor)
Ďalší autori: Bottán, Rudolf (Prekladateľ)
Médium: Kniha
Jazyk:slovenčina
čeština
PhysicalDescription:217, [2] s., [1] obr. príl. fotogr., ilustr., tab. 8°
Vydavateľské údaje: Bratislava Slovenské vydavateľstvo technickej literatúry 1961
Vydanie:1. vyd.
Edícia:Edícia stavebníckej literatúry
Predmet:

MARC

LEADER 00000cam a2200000 a 4500
001 vtls008318999
003 SK-MaSNL
005 20260301140422.0
008 251104s1961 xo ao d p 000 0 slo
015 |a SNBA1962/03-00392 
020 |q (viaz.) 
035 |a SK01SNK19620011216 
035 |a urn:nbn:sk:snk-am3irhl 
035 |a B31B76C2-23C1-43AE-977A-C85B5942CECC 
035 |a urn:nbn:sk:snk-am00ff31 
035 |a SKM000013679 
040 |a SNK  |b slo  |c SNK  |e AACR2 
041 1 |a slo  |h cze 
044 |a xo  |c SK 
080 |a 728.94/95:631.2(075.3)  |2 1981 
080 |a 69  |2 1981 
100 1 |a Hála, Zbyněk  |4 aut  |9 398723 
240 1 0 |a Zemědělské stavby  |l Slovensky 
245 1 0 |a Poľnohospodárske stavby  |c Zbyněk Hála, Karel Souček ; z českého originálu preložil Rudolf Bottán 
250 |a 1. vyd. 
260 |a Bratislava  |b Slovenské vydavateľstvo technickej literatúry  |c 1961  |e Brno  |f Tisk 
300 |a 217, [2] s., [1] obr. príl.  |b fotogr., ilustr., tab.  |c 8° 
366 |e 2200 výtl. 
490 1 |a Edícia stavebníckej literatúry 
500 |a Schválené výnosom Ministerstva školstva a kultúry zo dňa 21.2.1959, č. 8456/59-II/3 ako učebný text pre 4. ročník priemyselných škôl stavebných 
650 0 7 |a poľnohospodárske stavby  |2 SNKPH  |9 84678 
655 7 |a učebnice stredných škôl  |2 SNKPH  |9 69323 
700 1 |a Souček, Karel F.,  |d 1913-1996  |4 aut  |9 109814 
700 1 |a Bottán, Rudolf  |4 trl  |9 10827 
830 0 |a Edícia stavebníckej literatúry  |9 268357 
852 |a Slovenská národná knižnica 
954 |a odborná, vedecká literatúra cudzojazyčná (svetová)  |2 lita 
958 |a OND 
958 |a RK 
958 |a UC 
958 |a OP 
958 |a CZ 
958 |a EUIPO 
999 |c 763598  |d 765528 
952 |a SNK  |b SNK  |y PREZ  |7 0  |p 17A0841762  |o snkSC 16140  |i snkKSP 697/62  |0 0  |1 0  |4 0  |d 2020-07-29  |f 1  |l 0  |r 2025-07-18 00:00:00  |w 2026-02-24 
952 |a SNK  |b SNK  |y VYP  |7 0  |o snkSC 16140 D1  |0 0  |1 0  |4 0  |d 2020-07-29  |l 0  |r 2026-02-24 00:11:36  |w 2026-02-24